000 006950000a22002650004500
500 _aBibliography: p. 34
650 _aManpower
650 _aManagement education
650 _aJob description
650 _aJob satisfaction
650 _aDecision making
650 _aEvaluation
651 _aNepal
650 _aInstitute of Management
082 _a331.1
_bP861s
_cN
518 _a931126
530 _aM
100 _aPoudyal, Santosh R.
245 _aA study on the effectiveness of IOM products as middle level manpower
260 _aKathmandu
_bT.U. Institute of Management, Kirtipur, Nepal
260 _c1982
041 _aEng
300 _a34p.
_btables
942 _cGEN
999 _c1027
_d1027